Online
Catalog
Normal view MARC view

Entry Nombre personal

Number of records used in: 7

001 - NÚMERO DE CONTROL

  • campo de control: 58552

003 - IDENTIFICADOR DEL NÚMERO DE CONTROL

  • campo de control: BNPHU

005 - FECHA Y HORA DE LA ÚLTIMA TRANSACCIÓN

  • campo de control: 20240305122521.0

008 - DATOS DE LONGITUD FIJA

  • campo de control de longitud fija: 200615|| aca||aabn | a|a d

040 ## - FUENTE DE LA CATALOGACIÓN

  • Centro catalogador/agencia de origen: DO-SdBNP
  • Lengua de catalogación: spa
  • Centro/agencia transcriptor: BNPHU
  • Normas de descripción: rda

082 ## - SIGNATURA TOPOGRÁFICA DECIMAL DEWEY

  • Número de clasificación: RD863.44

100 1# - ENCABEZAMIENTO-NOMBRE DE PERSONA

  • Nombre de persona: Ulloa, Alberto,
  • Fechas asociadas al nombre: 1950-2011

370 ## - LUGAR ASOCIADO

  • Lugar de nacimiento: Altamira, República Dominicana

372 ## - CAMPO DE ACTIVIDAD

  • Campo de actividad: Artes plásticas

374 ## - OCUPACIÓN

  • Ocupación: Pintor
  • Ocupación: Escultor
  • Ocupación: Escritor

375 ## - GÉNERO/SEXO

  • Género/Sexo: Masculino

377 ## - LENGUA/LENGUAJE ASOCIADO

  • Código del idioma: spa

400 1# - TRAZADO DE VÉASE--NOMBRE DE PERSONA

  • Nombre de persona: U., Alberto

670 ## - FUENTE DE DATOS ENCONTRADOS

  • Cita de la fuente: Work cat.: (OSt)32167: Lockward, Ángel, 1955- 11034, Por los caminos de su piel /, 1994.

670 ## - FUENTE DE DATOS ENCONTRADOS

  • Cita de la fuente: Ulloa, Alberto. El amor del holocausto. Santo Domingo: De Colores, 2004. 291p.

Powered by Koha